|
|
|
|
| LEADER |
01146nam a22003132a 4500 |
| 001 |
000225784 |
| 003 |
CZ BrMZK |
| 005 |
20071205101948.0 |
| 007 |
ta |
| 008 |
010907s1988 xr f cze d |
| 015 |
|
|
|a cnb000041306
|
| 035 |
|
|
|a (OCoLC)39438296
|
| 040 |
|
|
|a BOA001
|b cze
|
| 080 |
9 |
|
|a 547
|
| 100 |
1 |
|
|a Čech, Jiří
|7 jx20040617042
|4 aut
|
| 245 |
1 |
0 |
|a Organická chemie /
|c Jiří Čech
|
| 250 |
|
|
|a 1/1. vyd.
|
| 260 |
|
|
|a Praha :
|b Státní pedagogické nakladatelství,
|c 1988
|
| 300 |
|
|
|a 131 s.
|
| 490 |
1 |
|
|a Učební texty vysokých škol
|
| 504 |
|
|
|a Obsahuje bibliografii
|
| 550 |
|
|
|a Vyd.: Univerzita Karlova, Ústav jazykové a odborné přípravy zahraničních studentů
|
| 710 |
2 |
|
|a Univerzita Karlova.
|b Ústav jazykové a odborné přípravy
|7 mzk2002202758
|
| 810 |
2 |
|
|a Univerzita Karlova.
|b Ústav jazykové a odborné přípravy zahraničních studentů.
|t Učební texty
|0 s
|
| 910 |
|
|
|a BOA001
|b 4-0934.058
|
| 964 |
|
|
|a Chemie organická - učebnice - školy vysoké
|
| 990 |
|
|
|a BK
|
| 991 |
|
|
|b 200712
|
| 996 |
7 |
|
|b 2619914952
|c 4-0934.058
|l MZK
|r Sklad / do 1 hodiny
|n 22
|w 000225784
|u 000010
|a 1
|e BOA001
|j MZK50
|s A
|